[Event "HUN-chT2 Erkel 1516"]
[Site "Hungary"]
[Date "2016.04.17"]
[Round "11.4"]
[White "Ujj, Daniel"]
[Black "Hevesi, Zoltan"]
[Result "1-0"]
[WhiteElo "2242"]
[BlackElo "2046"]
[PlyCount "51"]
[EventDate "2015.09.13"]
[EventType "team-tourn"]
[EventRounds "11"]
[EventCountry "HUN"]
[SourceTitle "EXT 2017"]
[Source "ChessBase"]
[SourceDate "2016.10.25"]
[SourceVersion "1"]
[SourceVersionDate "2016.10.25"]
[SourceQuality "1"]
[WhiteTeam "Paszto"]
[BlackTeam "Andornaktalya"]
[WhiteTeamCountry "HUN"]
[BlackTeamCountry "HUN"]

1. d4 d5 2. c4 c6 3. Nf3 e6 4. Nc3 f5 5. Bf4 Nf6 6. e3 Be7 7. Bd3 0-0 8. Qc2 Ne4 9. g4 Na6 10. a3 Qa5 11. Ke2 Nxc3+ 12. bxc3 dxc4 13. Bxc4 b5 14. Ne5 Nb8 15. Bb3 c5 16. dxc5 Bxc5 17. gxf5 Qb6 18. Rhg1 Nc6 19. fxe6 Nxe5 20. Bxe5 Rxf2+ 21. Kxf2 Bxe3+ 22. Ke2 Bxg1 23. Rxg1 Qxg1 24. e7+ Be6 25. Bxe6+ Kh8 26. Qe4 1-0

[Event "HUN-chT2 Erkel 1516"]
[Site "Hungary"]
[Date "2016.03.20"]
[Round "9.2"]
[White "Ujj, Daniel"]
[Black "Trajber, Csaba"]
[Result "1-0"]
[WhiteElo "2242"]
[BlackElo "2012"]
[PlyCount "87"]
[EventDate "2015.09.13"]
[EventType "team-tourn"]
[EventRounds "11"]
[EventCountry "HUN"]
[SourceTitle "EXT 2017"]
[Source "ChessBase"]
[SourceDate "2016.10.25"]
[SourceVersion "1"]
[SourceVersionDate "2016.10.25"]
[SourceQuality "1"]
[WhiteTeam "Paszto"]
[BlackTeam "Foti"]
[WhiteTeamCountry "HUN"]
[BlackTeamCountry "HUN"]

1. e4 c5 2. Nf3 e6 3. g3 Nc6 4. Bg2 d6 5. 0-0 Nf6 6. Re1 Be7 7. c3 e5 8. h3 Qb6 9. Na3 h6 10. d3 Be6 11. Nc4 Qc7 12. Ne3 d5 13. exd5 Nxd5 14. Nc4 f6 15. Qe2 Nb6 16. Nxb6 Qxb6 17. Nh4 0-0-0 18. Ng6 Rhe8 19. Nf4 Bf5 20. Nd5 Qa6 21. Rd1 Bd6 22. Ne3 Bd7 23. Nc4 Bc7 24. Be3 b5 25. Nd2 Nd4 26. Bxd4 exd4 27. Qf3 dxc3 28. bxc3 Re6 29. Ne4 Bc6 30. Qf5 Bxe4 31. Bxe4 Qd6 32. Rab1 Qe5 33. Rxb5 g6 34. Qxg6 Rb6 35. Qf5+ Kb8 36. Rxc5 Qe7 37. Rb5 Qd6 38. Rd5 Qa3 39. Rxd8+ Bxd8 40. Qd5 Be7 41. Qg8+ Kc7 42. Qc4+ Kd7 43. Bf5+ Kd6 44. Qd4+ 1-0

[Event "HUN-chT2 Erkel 1516"]
[Site "Hungary"]
[Date "2015.10.18"]
[Round "3.4"]
[White "Ujj, Daniel"]
[Black "Frink, Szabolcs"]
[Result "1/2-1/2"]
[WhiteElo "2237"]
[BlackElo "2091"]
[PlyCount "20"]
[EventDate "2015.09.13"]
[EventType "team-tourn"]
[EventRounds "11"]
[EventCountry "HUN"]
[SourceTitle "CBM 170 Extra"]
[Source "ChessBase"]
[SourceDate "2016.02.25"]
[SourceVersion "1"]
[SourceVersionDate "2016.02.25"]
[SourceQuality "1"]
[WhiteTeam "Paszto"]
[BlackTeam "Salgotarjan"]
[WhiteTeamCountry "HUN"]
[BlackTeamCountry "HUN"]

1. g3 d5 2. Bg2 c6 3. d3 e6 4. Nd2 Nf6 5. Ngf3 Bd6 6. 0-0 0-0 7. e4 dxe4 8. Nxe4 Nxe4 9. dxe4 Bc7 10. Qe2 e5 1/2-1/2

[Event "HUN-chT2 Erkel 1213"]
[Site "Hungary"]
[Date "2013.04.21"]
[Round "11.2"]
[White "Ujj, Daniel"]
[Black "Kormos, Adam"]
[Result "1-0"]
[WhiteElo "2258"]
[BlackElo "2227"]
[PlyCount "103"]
[EventDate "2012.09.16"]
[EventType "team-tourn"]
[EventRounds "11"]
[EventCountry "HUN"]
[SourceTitle "EXT 2014"]
[Source "ChessBase"]
[SourceDate "2013.11.20"]
[SourceVersion "1"]
[SourceVersionDate "2013.11.20"]
[SourceQuality "1"]
[WhiteTeam "Paszto"]
[BlackTeam "BEAC II"]
[WhiteTeamCountry "HUN"]
[BlackTeamCountry "HUN"]

1. d4 Nf6 2. c4 g6 3. g3 Bg7 4. Bg2 d5 5. cxd5 Nxd5 6. Nf3 0-0 7. 0-0 Nb6 8. Nc3 Nc6 9. e3 e5 10. d5 Na5 11. e4 c6 12. Bg5 f6 13. Be3 Nbc4 14. Bc5 Rf7 15. b4 b6 16. Be3 Nxe3 17. fxe3 Nc4 18. dxc6 Qc7 19. Nd5 Qxc6 20. Rc1 b5 21. Nd2 Be6 22. Nxc4 bxc4 23. Rc3 a5 24. a3 axb4 25. axb4 Qb5 26. Qc2 Rfa7 27. Rxc4 Ra2 28. Rc5 Rxc2 29. Rxb5 Bxd5 30. exd5 Raa2 31. Be4 Rd2 32. d6 Rxd6 33. Bd5+ Rxd5 34. Rxd5 Rb2 35. Rc1 Bh6 36. Rc7 Bxe3+ 37. Kf1 Bh6 38. Rd8+ Bf8 39. Rcc8 Rxb4 40. Rxf8+ Kg7 41. Rfd8 Rb1+ 42. Ke2 Rh1 43. h4 Rh2+ 44. Kf3 f5 45. Rd7+ Kh6 46. Rh8 e4+ 47. Ke3 Kh5 48. Rhxh7+ Kg4 49. Rdg7 Ra2 50. Rxg6+ Kh3 51. Rd7 Ra3+ 52. Ke2 1-0

[Event "HUN-chT2 Erkel 1112"]
[Site "Hungary"]
[Date "2012.05.20"]
[Round "11.5"]
[White "Szalanczy, Emil"]
[Black "Ujj, Daniel"]
[Result "1-0"]
[WhiteElo "2347"]
[BlackElo "2260"]
[PlyCount "135"]
[EventDate "2011.09.25"]
[EventType "team-tourn"]
[EventRounds "11"]
[EventCountry "HUN"]
[SourceTitle "EXT 2013"]
[Source "ChessBase"]
[SourceDate "2012.11.22"]
[SourceVersion "1"]
[SourceVersionDate "2012.11.22"]
[SourceQuality "1"]
[WhiteTeam "Szigetszentmiklos"]
[BlackTeam "Paszto"]
[WhiteTeamCountry "HUN"]
[BlackTeamCountry "HUN"]

1. e4 c5 2. Nf3 Nc6 3. d4 cxd4 4. Nxd4 Nf6 5. Nc3 e5 6. Ndb5 d6 7. Be3 a6 8. Na3 Rb8 9. Nd5 Nxd5 10. exd5 Ne7 11. c3 Nf5 12. Bd2 Be7 13. Bd3 0-0 14. 0-0 Nh4 15. Re1 f5 16. Bf1 Bd7 17. Nc2 Bg5 18. a4 Bxd2 19. Qxd2 f4 20. c4 Nf3+ 21. gxf3 Qg5+ 22. Kh1 Rf6 23. Ne3 Rh6 24. Ng4 Rh4 25. Bg2 Qh5 26. Kg1 Bxg4 27. fxg4 Rxg4 28. f3 Rg5 29. c5 Qxf3 30. Ra3 Qh5 31. cxd6 Rf8 32. d7 f3 33. Rxf3 Qxf3 34. d8Q Rxg2+ 35. Qxg2 Qxg2+ 36. Kxg2 Rxd8 37. Rxe5 Kf7 38. Kf3 Rd6 39. a5 b6 40. b4 Kf6 41. Ke4 bxa5 42. bxa5 g5 43. Rf5+ Ke7 44. Rxg5 Rh6 45. Ke5 Rxh2 46. Rg7+ Kd8 47. Ra7 Rh6 48. Kd4 Kc8 49. Kc5 Kb8 50. Re7 Kc8 51. Rf7 Rh1 52. Kd6 Rh6+ 53. Kc5 Rh1 54. Kc6 Rc1+ 55. Kd6 Rh1 56. Rf8+ Kb7 57. Rf6 Rh5 58. Ke6 Rh1 59. Ke7 Rd1 60. Ke6 Re1+ 61. Kd7 Ra1 62. Rb6+ Ka7 63. d6 Rxa5 64. Kc7 Rd5 65. Rc6 a5 66. d7 a4 67. d8Q Rxd8 68. Kxd8 1-0

[Event "HUN-chT2 Erkel 1112"]
[Site "Hungary"]
[Date "2012.04.22"]
[Round "9.6"]
[White "Simonyi, Zoltan"]
[Black "Ujj, Daniel"]
[Result "0-1"]
[WhiteElo "2209"]
[BlackElo "2260"]
[PlyCount "162"]
[EventDate "2011.09.25"]
[EventType "team-tourn"]
[EventRounds "11"]
[EventCountry "HUN"]
[SourceTitle "EXT 2013"]
[Source "ChessBase"]
[SourceDate "2012.11.22"]
[SourceVersion "1"]
[SourceVersionDate "2012.11.22"]
[SourceQuality "1"]
[WhiteTeam "Ujszasz"]
[BlackTeam "Paszto"]
[WhiteTeamCountry "HUN"]
[BlackTeamCountry "HUN"]

1. Nf3 d5 2. d4 Nf6 3. c4 c6 4. cxd5 cxd5 5. Ne5 e6 6. Nc3 Nc6 7. Qa4 Qb6 8. e3 Bd6 9. f4 Bd7 10. Nxd7 Nxd7 11. Bd3 f5 12. Bd2 Nf6 13. 0-0-0 0-0-0 14. Kb1 Kb8 15. Rc1 Rc8 16. h3 g6 17. Be1 Be7 18. Bf2 Na5 19. Ka1 a6 20. Rc2 Rc7 21. Rhc1 Rhc8 22. Ne2 Rxc2 23. Rxc2 Rxc2 24. Qxc2 Nc6 25. Be1 Ne4 26. g4 Ka7 27. Bxe4 fxe4 28. a3 Qb5 29. Ka2 Bd6 30. h4 Ne7 31. Nc3 Qf1 32. Bg3 Nc6 33. h5 gxh5 34. gxh5 Qf3 35. Qf2 Qxh5 36. f5 Bxg3 37. Qxg3 Qxf5 38. Qc7 Qf1 39. Qxh7 Qc4+ 40. Ka1 Na5 41. Qe7 Nb3+ 42. Kb1 Qf1+ 43. Kc2 Na1+ 44. Kd2 Qd3+ 45. Ke1 Nc2+ 46. Kf2 Qxe3+ 47. Kg2 Ne1+ 48. Kh2 Qf2+ 49. Kh3 Qxd4 50. Qxe6 Nd3 51. Kg3 Qf2+ 52. Kg4 Qf3+ 53. Kg5 Nf4 54. Qd6 Qg3+ 55. Kf5 Qh3+ 56. Ke5 Qh8+ 57. Kf5 Qh5+ 58. Kf6 Qh6+ 59. Ke5 Qxd6+ 60. Kxd6 e3 61. Ke5 e2 62. Nxe2 Nxe2 63. Kxd5 Nf4+ 64. Kc4 Kb6 65. Kb4 Nd5+ 66. Kc4 Kc6 67. Kd4 b5 68. Kd3 Kc5 69. Kc2 Kc4 70. b3+ Kd4 71. Kd2 Ne3 72. a4 b4 73. a5 Nf5 74. Kc2 Ne7 75. Kd2 Nc6 76. Kc2 Nxa5 77. Kb2 Kd3 78. Ka2 Kc2 79. Ka1 Kxb3 80. Kb1 Nc4 81. Ka1 Kc2 0-1

[Event "HUN-chT2 Erkel 1112"]
[Site "Hungary"]
[Date "2012.02.19"]
[Round "6.1"]
[White "Tornai, Imre"]
[Black "Ujj, Daniel"]
[Result "1/2-1/2"]
[WhiteElo "2223"]
[BlackElo "2260"]
[PlyCount "49"]
[EventDate "2011.09.25"]
[EventType "team-tourn"]
[EventRounds "11"]
[EventCountry "HUN"]
[SourceTitle "EXT 2013"]
[Source "ChessBase"]
[SourceDate "2012.11.22"]
[SourceVersion "1"]
[SourceVersionDate "2012.11.22"]
[SourceQuality "1"]
[WhiteTeam "Vaci"]
[BlackTeam "Paszto"]
[WhiteTeamCountry "HUN"]
[BlackTeamCountry "HUN"]

1. e4 c5 2. Nf3 e6 3. Nc3 a6 4. d4 cxd4 5. Nxd4 Qc7 6. g3 Bb4 7. Nde2 Nf6 8. Bg2 0-0 9. 0-0 Be7 10. b3 Nc6 11. Bb2 Rd8 12. Qd2 d6 13. Rad1 b5 14. Nf4 Bb7 15. Nd3 Rac8 16. Rc1 Qb6 17. Rfe1 Ne5 18. Qe3 Qxe3 19. Rxe3 Nxd3 20. cxd3 b4 21. Na4 Rxc1+ 22. Bxc1 Rc8 23. Bd2 d5 24. exd5 Rc2 25. d6 1/2-1/2

[Event "HUN-chT2 Erkel 1112"]
[Site "Hungary"]
[Date "2012.01.29"]
[Round "5.1"]
[White "Ujj, Daniel"]
[Black "Bencze, Laszlo"]
[Result "0-1"]
[WhiteElo "2260"]
[BlackElo "2201"]
[PlyCount "132"]
[EventDate "2011.09.25"]
[EventType "team-tourn"]
[EventRounds "11"]
[EventCountry "HUN"]
[SourceTitle "EXT 2013"]
[Source "ChessBase"]
[SourceDate "2012.11.22"]
[SourceVersion "1"]
[SourceVersionDate "2012.11.22"]
[SourceQuality "1"]
[WhiteTeam "Paszto"]
[BlackTeam "Dunaharaszti"]
[WhiteTeamCountry "HUN"]
[BlackTeamCountry "HUN"]

1. e4 e6 2. d4 d5 3. Nc3 Nf6 4. Bg5 Be7 5. e5 Nfd7 6. h4 Nc6 7. Nf3 a6 8. Qd2 h6 9. Be3 Nb6 10. b3 Ba3 11. Ne2 a5 12. c3 Bf8 13. a4 Nd7 14. Nf4 Na7 15. Bd3 Qe7 16. Kf1 b6 17. c4 Bb7 18. cxd5 Bxd5 19. Nxd5 exd5 20. Rc1 c6 21. Bf4 Qe6 22. Qc2 Bb4 23. Bf5 Qe7 24. Rh3 Nf8 25. Rg3 g6 26. Bh3 Ne6 27. Be3 0-0-0 28. h5 g5 29. Nxg5 hxg5 30. Bxg5 Qe8 31. Bxd8 Kxd8 32. Qd1 Qe7 33. Qg4 Bd2 34. Rd1 Bh6 35. Kg1 Kc7 36. Qf5 Ng5 37. Bg4 b5 38. Qd3 Kb6 39. Be2 Ne4 40. Rg4 Qb4 41. Rf1 Nd2 42. Rd1 Nxb3 43. Rb1 Nc1 44. Rxb4 Nxd3 45. Rb1 Nb4 46. Bd1 bxa4 47. Bxa4 Nb5 48. Bxb5 Kxb5 49. e6 fxe6 50. Rg6 a4 51. Rxe6 a3 52. Re7 Kc4 53. Ra7 a2 54. Rxb4+ Kxb4 55. Rxa2 Bg7 56. Rd2 Kc4 57. Rc2+ Kb5 58. Rb2+ Ka6 59. Rd2 Rxh5 60. g4 Rh4 61. f3 Bh6 62. Rd3 Kb5 63. Rb3+ Kc4 64. Rb6 Kxd4 65. Rxc6 Bf4 66. Rc2 Kd3 0-1

[Event "HUN-chT2 Erkel 1112"]
[Site "Hungary"]
[Date "2011.09.25"]
[Round "1.1"]
[White "Ujj, Daniel"]
[Black "Horvath, Gabor"]
[Result "1/2-1/2"]
[WhiteElo "2260"]
[BlackElo "2269"]
[PlyCount "49"]
[EventDate "2011.09.25"]
[EventType "team-tourn"]
[EventRounds "11"]
[EventCountry "HUN"]
[SourceTitle "EXT 2013"]
[Source "ChessBase"]
[SourceDate "2012.11.22"]
[SourceVersion "1"]
[SourceVersionDate "2012.11.22"]
[SourceQuality "1"]
[WhiteTeam "Paszto"]
[BlackTeam "MAFC"]
[WhiteTeamCountry "HUN"]
[BlackTeamCountry "HUN"]

1. Nf3 Nf6 2. c4 g6 3. g3 Bg7 4. Bg2 0-0 5. 0-0 d6 6. d4 Nbd7 7. Nc3 e5 8. e4 c6 9. h3 exd4 10. Nxd4 Nc5 11. Be3 a5 12. Qc2 a4 13. Rad1 Qa5 14. Rfe1 Re8 15. Bf4 Ne6 16. Nxe6 Bxe6 17. Bxd6 Bxc4 18. e5 Nd7 19. f4 f6 20. Re4 Bf7 21. Kh2 fxe5 22. Rxa4 Qb6 23. Rb4 Qa7 24. Ra4 Qb6 25. Rb4 1/2-1/2

[Event "HUN-chT2 Erkel 0809"]
[Site "Hungary"]
[Date "2009.03.08"]
[Round "9.1"]
[White "Ujj, Daniel"]
[Black "Csoke, Krisztian"]
[Result "1/2-1/2"]
[WhiteElo "2244"]
[BlackElo "2249"]
[PlyCount "45"]
[EventDate "2008.10.26"]
[EventType "team-tourn"]
[EventRounds "11"]
[EventCountry "HUN"]
[SourceTitle "EXT 2010"]
[Source "ChessBase"]
[SourceDate "2010.11.25"]
[SourceVersion "1"]
[SourceVersionDate "2010.11.25"]
[SourceQuality "1"]
[WhiteTeam "Paszto"]
[BlackTeam "Keviterv"]
[WhiteTeamCountry "HUN"]
[BlackTeamCountry "HUN"]

1. e4 d6 2. d4 Nf6 3. Nc3 g6 4. f4 Bg7 5. Nf3 0-0 6. e5 Nfd7 7. h4 c5 8. h5 Nb6 9. hxg6 fxg6 10. dxc5 dxc5 11. Qxd8 Rxd8 12. a4 Bf5 13. a5 N6d7 14. Bc4+ e6 15. Nb5 Nc6 16. c3 Nf8 17. Nd6 Bc2 18. Be3 b6 19. Ng5 Nxa5 20. Bxe6+ Nxe6 21. Nxe6 Rd7 22. 0-0 Nb7 23. Nxb7 1/2-1/2

[Event "HUN-chT2 Erkel 0809"]
[Site "Hungary"]
[Date "2009.02.08"]
[Round "7.1"]
[White "Ujj, Daniel"]
[Black "Emodi, Gyula"]
[Result "1/2-1/2"]
[WhiteElo "2244"]
[BlackElo "2339"]
[PlyCount "83"]
[EventDate "2008.10.26"]
[EventType "team-tourn"]
[EventRounds "11"]
[EventCountry "HUN"]
[SourceTitle "EXT 2010"]
[Source "ChessBase"]
[SourceDate "2010.11.25"]
[SourceVersion "1"]
[SourceVersionDate "2010.11.25"]
[SourceQuality "1"]
[WhiteTeam "Paszto"]
[BlackTeam "PSE II"]
[WhiteTeamCountry "HUN"]
[BlackTeamCountry "HUN"]

1. d4 Nf6 2. c4 e6 3. Nf3 b6 4. g3 Bb7 5. Bg2 Be7 6. 0-0 0-0 7. Nc3 Ne4 8. Bd2 f5 9. Qc2 Bf6 10. Rad1 Nxc3 11. Bxc3 Be4 12. Qc1 d6 13. Ne1 Qe7 14. Qe3 Bg5 15. f4 Bxg2 16. Kxg2 Bf6 17. Qf3 c6 18. Nd3 Qc7 19. e4 Nd7 20. e5 Be7 21. d5 exd5 22. cxd5 Rac8 23. dxc6 Qxc6 24. Qxc6 Rxc6 25. Nb4 Rc4 26. Nd5 Re8 27. Ne3 Rc7 28. Nd5 Rc4 29. Nxe7+ Rxe7 30. exd6 Ree4 31. Rfe1 Kf7 32. Rxe4 Rxe4 33. Kf3 g6 34. Rd4 Re8 35. Rc4 Ke6 36. Rc7 a5 37. Be5 g5 38. h3 h5 39. Rc1 g4+ 40. hxg4 hxg4+ 41. Kg2 Rd8 42. Re1 1/2-1/2

[Event "HUN-chT2 Erkel 0809"]
[Site "Hungary"]
[Date "2008.12.21"]
[Round "4.2"]
[White "Ujj, Daniel"]
[Black "Tornai, Imre"]
[Result "0-1"]
[WhiteElo "2244"]
[BlackElo "2240"]
[PlyCount "64"]
[EventDate "2008.10.26"]
[EventType "team-tourn"]
[EventRounds "11"]
[EventCountry "HUN"]
[SourceTitle "EXT 2010"]
[Source "ChessBase"]
[SourceDate "2010.11.25"]
[SourceVersion "1"]
[SourceVersionDate "2010.11.25"]
[SourceQuality "1"]
[WhiteTeam "Paszto"]
[BlackTeam "Vaci"]
[WhiteTeamCountry "HUN"]
[BlackTeamCountry "HUN"]

1. d4 d5 2. c4 c6 3. Nf3 Nf6 4. Nc3 e6 5. e3 Nbd7 6. Bd3 dxc4 7. Bxc4 b5 8. Bd3 a6 9. e4 c5 10. e5 cxd4 11. Nxb5 axb5 12. exf6 gxf6 13. 0-0 Qb6 14. Qe2 Bb7 15. Bxb5 Rg8 16. Bf4 Rd8 17. a4 Bc5 18. a5 Bxf3 19. Bxd7+ Kxd7 20. Qxf3 Qc6 21. Qh3 Ke7 22. Rfc1 Qd5 23. Bd2 Rb8 24. b4 Bxb4 25. Bxb4+ Rxb4 26. Rc7+ Kd6 27. Rxf7 Qe4 28. Rc1 Rb3 29. g3 Rc8 30. Rf1 Rb1 31. g4 Rxf1+ 32. Qxf1 Qxg4+ 0-1

[Event "HUN-chT2 Erkel 0809"]
[Site "Hungary"]
[Date "2008.11.02"]
[Round "2.2"]
[White "Ujj, Daniel"]
[Black "Jacso, Adam"]
[Result "1/2-1/2"]
[WhiteElo "2244"]
[BlackElo "2190"]
[PlyCount "41"]
[EventDate "2008.10.26"]
[EventType "team-tourn"]
[EventRounds "11"]
[EventCountry "HUN"]
[SourceTitle "EXT 2010"]
[Source "ChessBase"]
[SourceDate "2010.11.25"]
[SourceVersion "1"]
[SourceVersionDate "2010.11.25"]
[SourceQuality "1"]
[WhiteTeam "Paszto"]
[BlackTeam "HMO"]
[WhiteTeamCountry "HUN"]
[BlackTeamCountry "HUN"]

1. e4 c5 2. Nf3 Nc6 3. d4 cxd4 4. Nxd4 Nf6 5. Nc3 e5 6. Ndb5 d6 7. Bg5 a6 8. Na3 b5 9. Nd5 Be7 10. Bxf6 Bxf6 11. c4 b4 12. Nc2 a5 13. g3 0-0 14. Bg2 Be6 15. 0-0 Rc8 16. Qd3 Bxd5 17. cxd5 Nd4 18. Nxd4 exd4 19. Rac1 Qb6 20. Bh3 Rc7 21. Rfd1 1/2-1/2

[Event "HUN-chT2 Erkel 0708"]
[Site "Hungary"]
[Date "2008.03.02"]
[Round "7"]
[White "Meszaros, Andras"]
[Black "Ujj, Daniel"]
[Result "0-1"]
[WhiteElo "2304"]
[BlackElo "2215"]
[PlyCount "58"]
[EventDate "2007.10.14"]
[EventType "team"]
[EventRounds "11"]
[EventCountry "HUN"]
[SourceTitle "EXT 2009"]
[Source "ChessBase"]
[SourceDate "2008.11.26"]
[SourceVersion "1"]
[SourceVersionDate "2008.11.26"]
[SourceQuality "1"]
[WhiteTeam "HMO"]
[BlackTeam "Paszto"]
[WhiteTeamCountry "HUN"]
[BlackTeamCountry "HUN"]

1. e4 c5 2. Ne2 d6 3. Nbc3 Nf6 4. d4 cxd4 5. Nxd4 a6 6. Bc4 e6 7. Bb3 b5 8. Bg5 Be7 9. Qf3 Qc7 10. 0-0-0 Nbd7 11. Rhe1 0-0 12. Bxf6 Bxf6 13. Qh3 Nc5 14. f4 Bxd4 15. Rxd4 e5 16. Nd5 Qd8 17. f5 exd4 18. Qh5 Nxb3+ 19. axb3 Bb7 20. Nf4 Rc8 21. Kb1 Re8 22. Qf3 Qe7 23. Qg4 Rc5 24. Nd3 Re5 25. Nxe5 Qxe5 26. Ka2 b4 27. Rf1 f6 28. Rf4 Bxe4 29. Qh5 Bxc2 0-1

[Event "HUN-chT2 Erkel 0607"]
[Site "Hungary"]
[Date "2007.05.06"]
[Round "10"]
[White "Szalanczy, Emil"]
[Black "Ujj, Daniel"]
[Result "1-0"]
[WhiteElo "2369"]
[BlackElo "2200"]
[PlyCount "125"]
[EventDate "2006.11.12"]
[EventType "team"]
[EventRounds "11"]
[EventCountry "HUN"]
[SourceTitle "EXT 2008"]
[Source "ChessBase"]
[SourceDate "2007.11.25"]
[SourceVersion "1"]
[SourceVersionDate "2007.11.25"]
[SourceQuality "1"]
[WhiteTeam "Hobagoly"]
[BlackTeam "Paszto"]
[WhiteTeamCountry "HUN"]
[BlackTeamCountry "HUN"]

1. e4 e6 2. d4 d5 3. Nc3 Bb4 4. e5 c5 5. a3 Bxc3+ 6. bxc3 Ne7 7. Qg4 0-0 8. Bd3 Nbc6 9. Nf3 f5 10. exf6 Rxf6 11. Qh5 h6 12. 0-0 c4 13. Be2 Bd7 14. Ne5 Nxe5 15. Qxe5 Ng6 16. Qg3 Ba4 17. Rb1 b6 18. Bd1 Qb8 19. Rb4 Bd7 20. Re1 Qf8 21. Bg4 Qb8 22. Re2 Qxg3 23. hxg3 Raf8 24. f3 Kf7 25. f4 Kg8 26. a4 Ne7 27. Ba3 Nf5 28. Kh2 Rb8 29. a5 Nd6 30. axb6 axb6 31. Rb1 Ne4 32. Rxe4 dxe4 33. Bd6 Rb7 34. Be2 Bc6 35. Bxc4 b5 36. Be2 Rff7 37. Bh5 Rfd7 38. Bc5 Kh7 39. Ra1 Bd5 40. Ra8 g6 41. Bg4 b4 42. cxb4 Rxb4 43. Re8 Rc4 44. Bxe6 Bxe6 45. Rxe6 Rxc2 46. Rxe4 Rb7 47. Kh3 Rb3 48. Re7+ Kg8 49. Bd6 Rcc3 50. f5 gxf5 51. Kh4 Rb6 52. Rd7 Rcc6 53. Be5 Rb1 54. g4 Rg6 55. Kh3 Rh1+ 56. Kg3 Rxg4+ 57. Kf2 Rc1 58. g3 Rc2+ 59. Kf3 Rc3+ 60. Kf2 Kf8 61. Rd6 Rc2+ 62. Kf3 Rc3+ 63. Kg2 1-0

[Event "HUN-chT2 Erkel 0607"]
[Site "Hungary"]
[Date "2007.03.25"]
[Round "7"]
[White "Ondok, Laszlo"]
[Black "Ujj, Daniel"]
[Result "1/2-1/2"]
[WhiteElo "2203"]
[BlackElo "2163"]
[PlyCount "102"]
[EventDate "2006.11.12"]
[EventType "team"]
[EventRounds "11"]
[EventCountry "HUN"]
[SourceTitle "EXT 2008"]
[Source "ChessBase"]
[SourceDate "2007.11.25"]
[SourceVersion "1"]
[SourceVersionDate "2007.11.25"]
[SourceQuality "1"]
[WhiteTeam "Keviterv"]
[BlackTeam "Paszto"]
[WhiteTeamCountry "HUN"]
[BlackTeamCountry "HUN"]

1. e4 e6 2. d4 d5 3. Nc3 Bb4 4. e5 c5 5. a3 Bxc3+ 6. bxc3 Qa5 7. Qd2 Nc6 8. Nf3 Nge7 9. Bd3 b6 10. 0-0 Ba6 11. a4 cxd4 12. Bxa6 Qxa6 13. cxd4 Na5 14. Qg5 Nf5 15. Ba3 h6 16. Qd2 Nc4 17. Qb4 Qb7 18. Rfb1 Qe7 19. h3 Rc8 20. c3 Qc7 21. Qb5+ Qc6 22. Bb4 a5 23. Ba3 Kd7 24. Bc1 Ne7 25. Nd2 Rb8 26. Rb3 Qxb5 27. Rxb5 Kc6 28. Rab1 Rb7 29. Kf1 Rhb8 30. Ke2 Nxd2 31. Kxd2 Nc8 32. Ba3 Na7 33. R5b2 Rd8 34. Kd3 Rdd7 35. Bf8 Rd8 36. Bc5 Rdb8 37. Bd6 Rd8 38. g4 Nc8 39. Ba3 Rh8 40. Rc1 Rc7 41. c4 dxc4+ 42. Rxc4+ Kb7 43. Rxc7+ Kxc7 44. Ke4 h5 45. g5 g6 46. f4 Rd8 47. Rb5 Kc6 48. Rb1 Rd5 49. Rc1+ Kb7 50. Rb1 Kc6 51. Rc1+ Kb7 1/2-1/2

[Event "HUN-chT2 Erkel 0506"]
[Site "Hungary"]
[Date "2006.04.09"]
[Round "10"]
[White "Trajber, Csaba"]
[Black "Ujj, Daniel"]
[Result "0-1"]
[WhiteElo "2090"]
[BlackElo "2163"]
[PlyCount "54"]
[EventDate "2005.10.16"]
[EventType "team"]
[EventRounds "11"]
[EventCountry "HUN"]
[SourceTitle "EXT 2009"]
[Source "ChessBase"]
[SourceDate "2008.11.26"]
[SourceVersion "1"]
[SourceVersionDate "2008.11.26"]
[SourceQuality "1"]
[WhiteTeam "Vaci"]
[BlackTeam "Vasarteri"]
[WhiteTeamCountry "HUN"]
[BlackTeamCountry "HUN"]

1. e4 c5 2. Nf3 d6 3. d4 cxd4 4. Nxd4 Nf6 5. Nc3 g6 6. Be3 Bg7 7. Qd2 Nc6 8. f3 0-0 9. Bc4 Nd7 10. 0-0-0 Nb6 11. Bb3 Na5 12. Qe2 Bd7 13. h4 Rc8 14. Kb1 Nbc4 15. Bc1 b5 16. h5 b4 17. Nd5 e5 18. Bxc4 Nxc4 19. Nb3 a5 20. Nd2 Nb6 21. hxg6 fxg6 22. Qd3 Be6 23. Nxb6 Qxb6 24. Nf1 d5 25. exd5 Bf5 26. Qe3 Bxc2+ 27. Ka1 Bxd1 0-1

[Event "HUN-chT2 Erkel 0405"]
[Site "Hungary"]
[Date "2005.02.20"]
[Round "8"]
[White "Hargittay, Szabolcs"]
[Black "Ujj, Daniel"]
[Result "1/2-1/2"]
[WhiteElo "2197"]
[BlackElo "2162"]
[PlyCount "41"]
[EventDate "2004.09.26"]
[EventType "team"]
[EventRounds "11"]
[EventCountry "HUN"]
[SourceTitle "EXT 2009"]
[Source "ChessBase"]
[SourceDate "2008.11.26"]
[SourceVersion "1"]
[SourceVersionDate "2008.11.26"]
[SourceQuality "1"]
[WhiteTeam "Statisztika II"]
[BlackTeam "Garancia"]
[WhiteTeamCountry "HUN"]
[BlackTeamCountry "HUN"]

1. e4 e6 2. d3 d5 3. Nd2 Nf6 4. Ngf3 Nc6 5. c3 a5 6. a4 e5 7. Qc2 Bc5 8. Be2 0-0 9. 0-0 h6 10. Nxe5 Nxe5 11. d4 Bxd4 12. cxd4 Nc6 13. e5 Nxd4 14. Qd3 Nxe2+ 15. Qxe2 Re8 16. f4 c6 17. Qf2 Ng4 18. Qd4 f6 19. Nf3 Qe7 20. Re1 c5 21. Qxd5+ 1/2-1/2

[Event "HUN-chT2 Erkel 0405"]
[Site "Hungary"]
[Date "2004.10.10"]
[Round "2"]
[White "Ujj, Daniel"]
[Black "Honsch, Pal"]
[Result "1-0"]
[WhiteElo "2162"]
[BlackElo "2082"]
[PlyCount "65"]
[EventDate "2004.09.26"]
[EventType "team"]
[EventRounds "11"]
[EventCountry "HUN"]
[SourceTitle "EXT 2009"]
[Source "ChessBase"]
[SourceDate "2008.11.26"]
[SourceVersion "1"]
[SourceVersionDate "2008.11.26"]
[SourceQuality "1"]
[WhiteTeam "Garancia"]
[BlackTeam "Vaci"]
[WhiteTeamCountry "HUN"]
[BlackTeamCountry "HUN"]

1. d4 Nf6 2. c4 e6 3. Nf3 c5 4. d5 exd5 5. cxd5 d6 6. Nc3 g6 7. Nd2 Nbd7 8. e4 Bg7 9. Be2 0-0 10. 0-0 a6 11. a4 Qc7 12. Nc4 Nb6 13. e5 dxe5 14. d6 Qd8 15. Nxe5 Ne8 16. Bf4 Qxd6 17. Qxd6 Nxd6 18. a5 Bxe5 19. Bxe5 Nbc4 20. Bf4 g5 21. Bxg5 Re8 22. b3 Ne5 23. Nd5 Nd7 24. Bf3 Nb5 25. Ne7+ Kg7 26. Nxc8 Raxc8 27. Bxb7 Rb8 28. Bc6 Rbd8 29. Bxd8 Rxd8 30. Bxb5 axb5 31. Rfd1 Kf8 32. a6 Ke7 33. Rxd7+ 1-0

[Event "HUN-chT2 Erkel 0304"]
[Site "Hungary"]
[Date "2004.02.22"]
[Round "8"]
[White "Schull, Gyula"]
[Black "Ujj, Daniel"]
[Result "0-1"]
[WhiteElo "2086"]
[BlackElo "2157"]
[PlyCount "50"]
[EventDate "2003.09.28"]
[EventType "team"]
[EventRounds "11"]
[EventCountry "HUN"]
[SourceTitle "EXT 2009"]
[Source "ChessBase"]
[SourceDate "2008.11.26"]
[SourceVersion "1"]
[SourceVersionDate "2008.11.26"]
[SourceQuality "1"]
[WhiteTeam "Barcza"]
[BlackTeam "Garancia"]
[WhiteTeamCountry "HUN"]
[BlackTeamCountry "HUN"]

1. e4 d6 2. d4 g6 3. c3 Bg7 4. Bd3 Nf6 5. Ne2 0-0 6. 0-0 e5 7. Bg5 h6 8. dxe5 hxg5 9. exf6 Bxf6 10. Nd2 Nc6 11. Nc4 Kg7 12. f3 d5 13. Ne3 d4 14. Nd5 Be6 15. Nxf6 Qxf6 16. Bb5 Rad8 17. Qa4 d3 18. Nc1 Ne5 19. Rd1 Qf4 20. Nxd3 Nxd3 21. Bxd3 Qe3+ 22. Kh1 Rxd3 23. Rxd3 Qxd3 24. Qxa7 Rd8 25. Kg1 Qe2 0-1